| 000 | 00531nam a22002057a 4500 | ||
|---|---|---|---|
| 003 | MPLRDC | ||
| 005 | 20220105061106.0 | ||
| 008 | 210129b ||||| |||| 00| 0 eng d | ||
| 020 | _a978-7-80728-974-6 | ||
| 082 | _a426.2 YLWA | ||
| 100 | _a杨林吾爱(曲军英) 编著 | ||
| 245 |
_a丝带绣 _c |
||
| 250 | _a初版一刷 | ||
| 260 |
_a中国 _b广东经济出版社 _c2008 |
||
| 300 | _b平 | ||
| 490 | _a心灵手巧丛书 | ||
| 520 | _a上架 2017-04-16。 | ||
| 650 | _a家庭刺绣 | ||
| 942 |
_cBK _o426.2 YLWA |
||
| 999 |
_c68685 _d68675 |
||